| 000 -Record Label |
| fixed length control field |
00855nam a2200289 4500 |
| 010 ## - International Standard Book Number (ISBN) |
| Number (ISBN) |
9789895545735 |
| 021 ## - Legal Deposit Number |
| Country Code |
PT |
| Number |
297235/09 |
| 035 ## - Other System Control Numbers |
| System Control Number |
(bn)1763827 |
| 100 ## - General Processing Data |
| General Processing Data |
20101126d2009 em y0pory5003 ba |
| 101 1# - Language of the Resource |
| Language of Original Work |
eng |
| 105 ## - Coded Data Field: Textual Material, Monographic |
| Monograph Coded Data |
y z 000fy |
| 106 ## - Coded Data Field: Textual Material - Physical Attributes |
| Textual Material Coded Data Physical Medium Designator |
r |
| 200 1# - Title and Statement of Responsibility |
| Title Proper |
Charles Augustus Milverton ; |
| -- |
O atleta desaparecido ; |
| -- |
A granja da abadia |
| First Statement of Responsibility |
Sir Arthur Conan Doyle |
| 210 ## - Publication, Distribution, etc. |
| Place of Publication, Distribution, etc. |
[S.l. |
| Name of Publisher, Distributor, etc. |
s.n.], |
| Date of Publication, Distribution, etc. |
cop. 2009 |
| Place of Manufacture |
[Amadora] : |
| Name of Manufacturer |
Tip. Peres) |
| 215 ## - Physical Description |
| Specific Material Designation and Extent of Item |
72 p. |
| Dimensions |
20 cm |
| 225 2# - Series |
| Series Title |
Regresso de Sherlock Holmes |
| Volume Designation |
3 |
| 225 2# - Series |
| Series Title |
Sherlock Holmes |
| Volume Designation |
10 |
| 517 1# - Other Variant Titles |
| Variant Title |
O atleta desaparecido |
| 517 1# - Other Variant Titles |
| Variant Title |
A granja da abadia |
| 600 ## - Personal Name Used as Subject |
| Entry Element |
Sir Arthur Conan Doyle |
| 601 ## - Corporate Body Name Used as Subject |
| Entry Element |
s.n., |
| 675 ## - Universal Decimal Classification (UDC) |
| Number |
821.111-34"18/19" |
| Edition |
BN |
| Language of Edition |
por |
| 700 #1 - Personal Name - Primary Responsibility |
| Entry Element |
Doyle, |
| Part of Name Other than Entry Element |
Arthur Conan, |
| Dates |
1859-1930 |
| 801 #0 - Originating Source |
| Country |
PT |
| Agency |
BN |
| Cataloguing Rules (Descriptive Conventions) |
RPC |
| 090 ## - System Control Numbers (Koha) |
| Koha biblioitem number (autogenerated) |
3143 |
| 942 ## - ADDED ENTRY ELEMENTS (KOHA) |
| Koha item type |
Books |